[Event "Dublin Malahide Millennium op"]
[Site "Dublin"]
[Date "2024.05.06"]
[Round "5"]
[White "Liu, Jason"]
[Black "Sidney, Will"]
[Result "1/2-1/2"]
[WhiteElo "1980"]
[BlackElo "1853"]
[PlyCount "43"]
[EventDate "2024.05.04"]
[EventType "swiss"]
[EventRounds "6"]
[EventCountry "IRL"]
[SourceTitle "CBM 220 Extra"]
[Source "ChessBase"]
[SourceDate "2024.07.31"]
[SourceVersion "1"]
[SourceVersionDate "2024.07.31"]
[SourceQuality "1"]

1. e4 c5 2. Nf3 d6 3. d4 cxd4 4. Nxd4 Nf6 5. Nc3 a6 6. a4 e5 7. Nf3 Be7 8. Bg5 Be6 9. Bxf6 Bxf6 10. Nd5 Nd7 11. Bc4 Rc8 12. Qe2 Nb6 13. Nxf6+ Qxf6 14. Bxe6 Qxe6 15. a5 Nd7 16. c3 0-0 17. 0-0 Nf6 18. Ra4 Rc5 19. Rd1 Qd7 20. Rb4 Rxa5 21. Qd3 Rc5 22. Qe2 1/2-1/2

[Event "IRL-ch 100th Weekday op"]
[Site "Dublin"]
[Date "2021.08.03"]
[Round "2"]
[White "Maher, John"]
[Black "Liu, Jason"]
[Result "0-1"]
[WhiteElo "1486"]
[BlackElo "913"]
[PlyCount "92"]
[EventDate "2021.08.02"]
[EventType "swiss"]
[EventRounds "5"]
[EventCountry "IRL"]
[SourceTitle "EXT 2022"]
[Source "ChessBase"]
[SourceDate "2021.10.06"]
[SourceVersion "1"]
[SourceVersionDate "2021.10.06"]
[SourceQuality "1"]

1. c4 e5 2. Nc3 Nc6 3. g3 f5 4. d3 Nf6 5. Bg2 Bb4 6. Bd2 Bxc3 7. Bxc3 Qe7 8. e3 0-0 9. Qd2 d6 10. Ne2 Be6 11. h3 Rad8 12. 0-0-0 d5 13. Qc2 dxc4 14. Bxc6 cxd3 15. Rxd3 bxc6 16. Rxd8 Rxd8 17. Bxe5 Bxa2 18. Bxf6 Qxf6 19. Nd4 Bd5 20. Rd1 g6 21. Qc5 Qf8 22. Qa5 Rb8 23. Rd3 Qb4 24. Qxb4 Rxb4 25. Ra3 Rc4+ 26. Kd2 Rb4 27. b3 c5 28. Nc2 Rxb3 29. Rxb3 Bxb3 30. Na3 c6 31. Kc3 Bd5 32. Nc4 Bxc4 33. Kxc4 Kf7 34. Kxc5 a5 35. Kc4 Ke6 36. f3 Ke5 37. Kb3 Kd5 38. Ka4 Kc4 39. e4 fxe4 40. fxe4 Kd4 41. e5 Kxe5 42. Kxa5 Kd4 43. Kb4 c5+ 44. Kb3 Kd3 45. Kb2 c4 46. Kc1 Kc3 0-1

[Event "IRL-ch 100th Weekday op"]
[Site "Dublin"]
[Date "2021.08.02"]
[Round "1"]
[White "Liu, Jason"]
[Black "O'Cuilleanain, Oisin"]
[Result "1/2-1/2"]
[WhiteElo "913"]
[BlackElo "1662"]
[PlyCount "127"]
[EventDate "2021.08.02"]
[EventType "swiss"]
[EventRounds "5"]
[EventCountry "IRL"]
[SourceTitle "EXT 2022"]
[Source "ChessBase"]
[SourceDate "2021.10.06"]
[SourceVersion "1"]
[SourceVersionDate "2021.10.06"]
[SourceQuality "1"]

1. e4 e5 2. Nf3 Nc6 3. Bc4 Bc5 4. 0-0 d6 5. d3 Nf6 6. c3 a6 7. a4 Ba7 8. Nbd2 h6 9. b4 Ne7 10. Qb3 0-0 11. Re1 c6 12. d4 b5 13. axb5 axb5 14. Bd3 Be6 15. Qc2 Ng6 16. Nf1 Nh5 17. Ng3 Nxg3 18. hxg3 Qf6 19. Be3 Qe7 20. Qe2 Bg4 21. Qb2 Rfc8 22. Ra3 Bb6 23. Rea1 Rxa3 24. Qxa3 Rc7 25. Qb2 Ra7 26. Ra3 Qc7 27. Qa1 Be6 28. Rxa7 Bxa7 29. Nd2 d5 30. exd5 Bxd5 31. Bxg6 fxg6 32. Nf3 Bxf3 33. gxf3 exd4 34. Bxd4 Bxd4 35. cxd4 Qd7 36. Qc3 Qd5 37. Qd3 Qf5 38. Qc3 Qd5 39. Qd3 Qc4 40. Qd2 g5 41. Kg2 Qd5 42. Qe3 Kf7 43. Kh2 g6 44. f4 g4 45. Kg1 Qe6 46. Qc3 Qc4 47. Qd2 Kf6 48. Kh2 Qd5 49. Kg1 h5 50. Qe3 Qe6 51. Qc3 Kf7 52. Kh2 Qd6 53. Kg1 Kg8 54. Qe3 Kf7 55. Qc3 h4 56. gxh4 Qxf4 57. Qxc6 g3 58. Qd7+ Kg8 59. Qe8+ Kh7 60. Qe7+ Kh6 61. fxg3 Qxg3+ 62. Kf1 Qd3+ 63. Kg2 Qd2+ 64. Kf3 1/2-1/2